| 000 | 00895cam a22002535i 4500 | ||
|---|---|---|---|
| 999 |
_c17416 _d17388 |
||
| 003 | EG-ScBUE | ||
| 005 | 20210127120805.0 | ||
| 008 | 130130s2012 ua g 000 f ara d | ||
| 020 | _a9789953267135 | ||
| 040 |
_aEG-ScBUE _bara _erda _cEG-ScBUE _dEG-ScBUE |
||
| 082 | 0 | 4 |
_a892.736 _bم س ت _222 |
| 100 | 1 |
_aمستغانمي، أحلام، _d1953- _eمؤلف. |
|
| 245 | 1 | 2 |
_aالأسود يليق بك / _cأحلام مستغانمي. |
| 246 | 3 | 4 |
_aالأسود يليق بك : _bرواية |
| 264 | 1 |
_aالقاهرة : _bدار نوفل ؛ _aبيروت : _bهاشيت أنطوان، _c2012. |
|
| 300 |
_a331 صفحة ؛ _c20 سم |
||
| 336 |
_aنص _btxt _2rdacontent |
||
| 337 |
_aبدون وسيط _bn _2rdamedia |
||
| 338 |
_aمجلد _bnc _2rdacarrier |
||
| 650 | 7 |
_aالقصص العربية _yقرن 20. _2BUEsh |
|
| 651 | _2BUEsh | ||
| 653 |
_bARALIT _bGGEN _cMarch2013 |
||
| 942 |
_2ddc _cBB |
||